| 000 | 00726cam a22002173a 4500 | ||
|---|---|---|---|
| 001 | 36631 | ||
| 003 | PGUSA | ||
| 005 | 20140828083810.0 | ||
| 008 | 110705s2011||||xxu|||||s|||||000 | eng d | ||
| 040 |
_aPGUSA _beng |
||
| 042 | _adc | ||
| 100 | 1 |
_aIngemann, Bernhard Severin, _d1789-1862 |
|
| 245 | 1 | 0 |
_aKing Eric and the Outlaws, Vol. 1 ; _bor, the Throne, the Church, and the People in the Thirteenth Century. Vol. I. _h[electronic resource] / _cBernhard Severin Ingemann |
| 260 |
_bProject Gutenberg, _c2011 |
||
| 506 | _aPublic domain in the USA. | ||
| 516 | _aElectronic text | ||
| 700 | 1 | _aChapman, Jane Frances | |
| 830 | 0 |
_aProject Gutenberg _v36631 |
|
| 856 | 4 | 0 | _uhttp://www.gutenberg.org/ebooks/36631 |
| 942 | _cEB | ||
| 999 |
_c265886 _d265886 |
||